Statistics for Music by Letter - F

Click here to take the quiz!

General Stats

  • This quiz has been taken 10,785 times
    (10,482 since last reset)
  • The average score is 15 of 20

Answer Stats

Hint Answer % Correct
Zappa or Sinatra, e.g.Frank
99%
"Dark Side of the Moon" band Pink _____Floyd
96%
"Let it Go" was a hit from this Disney filmFrozen
90%
Band that recorded "Rumours":
________ Mac
Fleetwood
90%
Coachella, Roskilde, Woodstock e.g.Festival
89%
Orchestral brass instrument: _____ hornFrench
87%
First name of Queen's frontmanFreddie
87%
Nickname of the Beatles: ___ FourFab
85%
Violin, especially when used in folk musicFiddle
84%
Mozart's "magic" instrumentFlute
81%
Are you going to Scarborough ____?Fair
75%
1940 Disney musical classicFantasia
72%
Musical genre of Parliament or
Kool & the Gang
Funk
70%
Ridge on the fingerboard of a guitarFret
66%
Italian word that indicates to play loudlyForte
66%
NZ comedy duo: _____ of the ConchordsFlight
64%
Widely derided 2011 song by Rebecca BlackFriday
57%
George Michael's debut solo albumFaith
47%
Sign that lowers pitch by a half-stepFlat
45%
Composer Mendelssohn's first nameFelix
29%

Score Distribution

Percentile by Number Answered

Percent of People with Each Score

Your Score History

You have not taken this quiz since the last reset